000
00295nam a2200121 a 4500
008
100920s1988|||| d
100
1
_a
Etcherelliová, Claire
245
1
0
_a
Eliza alebo ozajstný život
260
_b
Pravda
_a
Bratislava
_c
1988
020
_c
30
044
_a
xo
_c
SK
041
_a
slo
999
_c
10526
_d
10526